000 00715nam a22002297a 4500
005 20130404105930.0
008 081119t xxu||||| |||| 00| 0 ur d
010 _aUR-7694
020 _c500.00
_a81-89461-67-2
035 _aU-6249
037 _aDBAD/PUB
040 _aDPL
_bUR
082 _2840.8
100 _aعمر رضا
_99405
245 _aعلی سردارجعفری /
_cعمر رضا
246 _aAli Sardar Jafri /
_bby Mohammad Umar Raza
260 _aدہلی
_bکتابی دنیا
_c2007
270 _a1955, Gali Nawab Mirza, Turkman Gate
_bDelhi
_e110006
300 _a510 ص
_c22 س م (Hb)
650 _aLiterary autobiography
_99406
942 _2ddc
_cUR
_h840.8
_mج ع ق
999 _c41433
_d41433